Banderas de Países que Limitan con Brasil - Estadísticas

Estadísticas generales
  • Esta prueba ha sido intentada 18 veces
  • La puntuación promedio es 10 de 10
Estadísticas de respuestas
Imagen Respuesta % Correcto
Argentina
100%
Perú
100%
Uruguay
100%
Venezuela
100%
Bolivia
94%
Colombia
94%
Francia
94%
Surinam
94%
Guyana
88%
Paraguay
88%
No se encontraron pruebas coincidentes
Distribución de puntuación
Porcentaje de gente con cada puntuación
Porcentaje por número respondido
Historial de tus puntuaciones
No has intentado esta prueba.